Sports Quiz

Random Sports or NFL Quiz

NFL Leaders (2011) Quiz Stats

 Plays Quiz Updated Jan 16, 2012

Also try: NFL Leaders (2010)
Challenge
Share
Tweet
Embed
Score 0/149 Timer 10:00
3 Plays Today
% Correct
Tom Brady
98.5%
Tom Brady
98.5%
Drew Brees
98.5%
Drew Brees
98.5%
Eli Manning
98%
Eli Manning
98%
Aaron Rodgers
97.2%
Aaron Rodgers
97.2%
Tony Romo
96.5%
Tony Romo
96.5%
Philip Rivers
94.9%
Philip Rivers
94.9%
Matt Ryan
94.8%
Matt Ryan
94.8%
Matthew Stafford
94.8%
Matthew Stafford
94.8%
Cam Newton
94.6%
Cam Newton
94.5%
Calvin Johnson
93.7%
Calvin Johnson
93.7%
Derrick Johnson
92.7%
Ray Rice
91.3%
Ray Rice
91.3%
Jacoby Jones
89.7%
Jacoby Jones
89.7%
Steve Smith
89.3%
Maurice Jones-Drew
89.1%
Mark Sanchez
89.1%
Aldon Smith
88.8%
Wes Welker
88.6%
Wes Welker
88.6%
Arian Foster
88.6%
Arian Foster
88.6%
Ben Roethlisberger
88.6%
Frank Gore
88.4%
Larry Fitzgerald
87.3%
Steven Jackson
87.1%
Vincent Jackson
86.8%
LeSean McCoy
86.7%
LeSean McCoy
86.7%
D'Qwell Jackson
86.7%
Rob Gronkowski
86.5%
Rob Gronkowski
86.5%
Marshawn Lynch
86%
Marshawn Lynch
86%
Adrian Peterson
85.9%
Patrick Peterson
85.5%
Patrick Peterson
85.5%
Victor Cruz
84.6%
Victor Cruz
84.6%
% Correct
Ryan Fitzpatrick
82.3%
Michael Turner
82.2%
Michael Turner
82.2%
Roddy White
81.2%
Jordy Nelson
78.8%
Jordy Nelson
78.8%
Ahmad Bradshaw
75.7%
Jimmy Graham
75.5%
Jimmy Graham
75.5%
Devin Hester
75.5%
Devin Hester
75.5%
Devin Hester
75.5%
Greg Jennings
73.8%
Dez Bryant
70.1%
Brandon Marshall
69.3%
Jared Allen
68.5%
Jared Allen
68.5%
Jared Allen
68.5%
Willis McGahee
66.2%
Beanie Wells
62.2%
Ryan Mathews
62.2%
DeMarcus Ware
60.5%
BenJarvus Green-Ellis
60.3%
Terrell Suggs
53.2%
Terrell Suggs
53.2%
Darren Sproles
49.9%
Jason Pierre-Paul
49.1%
Jacquian Williams
48.5%
Charles Woodson
43.3%
Patrick Willis
39.6%
Randall Cobb
39.5%
Randall Cobb
39.5%
London Fletcher
37.1%
Laurent Robinson
36.9%
Von Miller
36.4%
Antonio Brown
35.6%
Jason Babin
33.6%
Chris Long
33.2%
Leon Washington
31.3%
Leon Washington
31.3%
Ted Ginn Jr.
31.1%
Ted Ginn
31.1%
Ted Ginn
31.1%
Josh Cribbs
30.7%
Josh Cribbs
30.7%
Tamba Hali
27.9%
Tamba Hali
27.9%
Chad Greenway
21.3%
Percy Harvin
21.2%
Carlos Rogers
21.2%
% Correct
Navorro Bowman
20.1%
Eric Weddle
18.2%
Julian Edelman
17.7%
Joe McKnight
16.9%
Joe McKnight
16.9%
Haloti Ngata
16.4%
Robert Mathis
14.9%
Pat Angerer
14.6%
Kyle Arrington
14.5%
Davone Bess
13%
Brandon Banks
12.9%
James Anderson
12.5%
Corey Webster
12.3%
Jacoby Ford
11.7%
Brandon Tate
11.4%
Brandon Tate
11.4%
John Abraham
10.3%
Marc Mariani
9.7%
Marc Mariani
9.7%
LaRod Stephens-Howling
9%
Dashon Goldson
8.9%
Eddie Royal
8.9%
Eric Decker
8.7%
Cliff Avril
8.7%
Cliff Avril
8.7%
Connor Barwin
8.6%
Curtis Lofton
8.6%
Chris Houston
8.5%
James Laurinaitis
7.1%
Brandon Browner
7%
Clyde Gates
5.5%
Donte Whitner
5.5%
Jonathan Vilma
4.8%
Michael Boley
4.7%
Antoine Bethea
4.3%
Leodis McKelvin
4.3%
Charlie Peprah
3.9%
Javier Arenas
3.7%
Stephen Tulloch
3.6%
Tommie Campbell
3.5%
Rob Ninkovich
3.4%
Richard Goodman
2%
Richard Goodman
2%
Jabaal Sheard
1.9%
Kealoha Pilares
1.6%
Matt Giordano
1.4%
Quintin Mikell
1.2%
Jeremy Mincey
0.9%
Sam Acho
0.9%

You're not logged in!

Compare scores with friends on all Sporcle quizzes.
OR
Log In

You Might Also Like...

Show Comments

Extras

Top Quizzes Today


Score Distribution

Your Account Isn't Verified!

In order to create a playlist on Sporcle, you need to verify the email address you used during registration. Go to your Sporcle Settings to finish the process.

Report this User

Report this user for behavior that violates our Community Guidelines.

Details: